[Event "BPB Limburg open"]
[Site "Maastricht"]
[Date "2015.05.25"]
[Round "6"]
[White "Haast, Anne"]
[Black "Van Foreest, Jorden"]
[Result "0-1"]
[WhiteElo "2352"]
[BlackElo "2519"]
[PlyCount "70"]
[EventDate "2015.05.22"]
[EventType "swiss"]
[EventRounds "7"]
[EventCountry "NED"]
[Source "P.Boonen"]
[SourceDate "2015.10.01"]

1. e4 c6 2. d4 d5 3. Nc3 dxe4 4. Nxe4 Bf5 5. Ng3 Bg6 6. Nf3 Nd7 7. h4 h6 8. Bd3
Bxd3 9. Qxd3 Ngf6 10. Bd2 e6 11. O-O-O Be7 12. Ne4 Nxe4 13. Qxe4 Nf6 14. Qe2
Qd5 15. c4 Qe4 16. Be3 Ng4 17. Nd2 Qf5 18. f3 Nxe3 19. Qxe3 Qa5 20. Kb1 O-O-O
21. Ne4 Qb6 22. Rd3 Rd7 23. g3 Rhd8 24. Rhd1 h5 25. f4 g6 26. Nc5 Rc7 27. Rb3
Qxc5 28. dxc5 Rxd1+ 29. Kc2 Rcd7 30. Ra3 R1d4 31. Qc3 Bxc5 32. b4 Rd2+ 33. Kc1
Rd1+ 34. Kc2 R7d2+ 35. Kb3 Bd4 0-1

[Event "BPB Limburg open"]
[Site "Maastricht"]
[Date "2015.05.25"]
[Round "6"]
[White "Harff, Wilfried"]
[Black "Tromp, Paul"]
[Result "1-0"]
[WhiteElo "2163"]
[BlackElo "2087"]
[PlyCount "91"]
[EventDate "2015.05.22"]
[EventType "swiss"]
[EventRounds "7"]
[EventCountry "NED"]
[Source "P.Boonen"]
[SourceDate "2015.10.01"]

1. Nf3 d5 2. c4 Nf6 3. g3 g6 4. Bg2 Bg7 5. O-O O-O 6. d4 c6 7. b3 Ne4 8. Bb2
Nd7 9. Ne5 f6 10. cxd5 cxd5 11. Nd3 e6 12. h4 f5 13. Nd2 Ndf6 14. Ne5 Bd7 15.
Kh2 Rc8 16. f3 Nc3 17. Qe1 Bb5 18. Bxc3 Rxc3 19. Ndc4 dxc4 20. Qxc3 Nd5 21. Qc1
f4 22. Ng4 fxg3+ 23. Kxg3 Bxd4 24. bxc4 Qc7+ 25. f4 Bxc4 26. Bxd5 exd5 27. Rb1
Qe7 28. Qd2 Bg7 29. Ne3 Bxa2 30. Qxa2 Qxe3+ 31. Rf3 Qd4 32. Qb3 Qe4 33. e3 Qe6
34. Rd1 Rd8 35. Qxb7 h5 36. Kf2 d4 37. e4 Qa2+ 38. Kg3 Qe6 39. f5 gxf5 40. exf5
Be5+ 41. Kh3 Qf6 42. Rg1+ Kf8 43. Rg6 Qf7 44. Qb4+ Qe7 45. Rg8+ Kf7 46. Qc4+
1-0

[Event "BPB Limburg open"]
[Site "Maastricht"]
[Date "2015.05.25"]
[Round "6"]
[White "Heinert, Eugen"]
[Black "Halfhide, Sebastian"]
[Result "1-0"]
[WhiteElo "2154"]
[BlackElo "2136"]
[PlyCount "67"]
[EventDate "2015.05.22"]
[EventType "swiss"]
[EventRounds "7"]
[EventCountry "NED"]
[Source "P.Boonen"]
[SourceDate "2015.10.01"]

1. d4 Nf6 2. c4 e6 3. Nf3 b6 4. a3 Bb7 5. Nc3 Be7 6. d5 d6 7. g3 O-O 8. Bg2 e5
9. O-O c6 10. Ne1 c5 11. Nd3 Re8 12. f4 exf4 13. gxf4 Nfd7 14. e4 Bf8 15. Re1
Qf6 16. b3 b5 17. e5 dxe5 18. Nxb5 e4 19. Bb2 Qg6 20. Ne5 Nxe5 21. fxe5 Nd7 22.
Rxe4 f5 23. Re2 Qh5 24. Nc7 Bd6 25. Nxa8 Bxa8 26. Re1 Qxd1 27. Raxd1 Nxe5 28.
Re2 Kf7 29. Rde1 Kf6 30. b4 cxb4 31. axb4 f4 32. c5 Bb8 33. d6 Bxg2 34. Rxe5
1-0

[Event "BPB Limburg open"]
[Site "Maastricht"]
[Date "2015.05.25"]
[Round "6"]
[White "Henrich, Thomas"]
[Black "Beerdsen, Thomas"]
[Result "1/2-1/2"]
[WhiteElo "2208"]
[BlackElo "2291"]
[PlyCount "100"]
[EventDate "2015.05.22"]
[EventType "swiss"]
[EventRounds "7"]
[EventCountry "NED"]
[Source "P.Boonen"]
[SourceDate "2015.10.01"]

1. d4 d5 2. Bg5 h6 3. Bh4 c6 4. e3 Qb6 5. Nd2 Bf5 6. Rb1 Nf6 7. Bxf6 exf6 8.
Ne2 Bg4 9. f3 Bd7 10. Ng3 g6 11. Bd3 Bg7 12. O-O f5 13. Kh1 O-O 14. c3 c5 15.
e4 fxe4 16. fxe4 dxe4 17. dxc5 Qxc5 18. Ngxe4 Qe7 19. Qb3 Be6 20. Bc4 Bxc4 21.
Qxc4 Nc6 22. Rbe1 Ne5 23. Qb5 Qc7 24. Nf3 Nc6 25. Nc5 b6 26. Na6 Qb7 27. Re4
Nb8 28. Ra4 Nxa6 29. Rxa6 Rad8 30. c4 Qe7 31. Re1 Qxe1+ 32. Nxe1 Rd1 33. g3
Rxe1+ 34. Kg2 Re2+ 35. Kh3 Rxb2 36. Qd7 Rc2 37. Rxa7 Rxc4 38. Qd5 Rc5 39. Qb3
Bd4 40. Rd7 Rh5+ 41. Kg2 Bc5 42. h4 Rf5 43. Rd2 Re8 44. Qa4 Rfe5 45. Qc4 Re1
46. a4 Rg1+ 47. Kh2 Rge1 48. Kg2 Rg1+ 49. Kh2 Rge1 50. Kg2 Rg1+ 1/2-1/2

[Event "BPB Limburg open"]
[Site "Maastricht"]
[Date "2015.05.25"]
[Round "6"]
[White "Hoffmeister, Frank"]
[Black "Scholzen, Wolfgang"]
[Result "1-0"]
[WhiteElo "2231"]
[BlackElo "2085"]
[PlyCount "53"]
[EventDate "2015.05.22"]
[EventType "swiss"]
[EventRounds "7"]
[EventCountry "NED"]
[Source "P.Boonen"]
[SourceDate "2015.10.01"]

1. d4 Nf6 2. c4 g6 3. Nc3 Bg7 4. e4 d6 5. Nf3 O-O 6. Be2 e5 7. O-O exd4 8. Nxd4
Re8 9. f3 Nc6 10. Be3 Nh5 11. Re1 Nf4 12. Bf1 Nxd4 13. Bxd4 Bxd4+ 14. Qxd4 c6
15. Rad1 Ne6 16. Qf2 Qc7 17. Rd2 Rd8 18. Red1 a6 19. Qh4 Bd7 20. Rxd6 Be8 21.
e5 Rxd6 22. Rxd6 Qb6+ 23. Qf2 Qxf2+ 24. Kxf2 Kf8 25. Ne4 Ke7 26. Ke3 Rd8 27. c5
1-0

[Event "BPB Limburg open"]
[Site "Maastricht"]
[Date "2015.05.25"]
[Round "6"]
[White "Hoynck van Papendrecht, Frans"]
[Black "Dardha, Arben"]
[Result "1/2-1/2"]
[WhiteElo "2091"]
[BlackElo "2343"]
[PlyCount "69"]
[EventDate "2015.05.22"]
[EventType "swiss"]
[EventRounds "7"]
[EventCountry "NED"]
[Source "P.Boonen"]
[SourceDate "2015.10.01"]

1. f4 d5 2. Nf3 g6 3. e3 c5 4. Be2 Bg7 5. O-O Nc6 6. d3 Nf6 7. Qe1 Qc7 8. a4
O-O 9. Nc3 a6 10. e4 d4 11. Nb1 e5 12. Qh4 Ng4 13. Ng5 Nh6 14. f5 f6 15. Ne6
Bxe6 16. Bxh6 g5 17. Qh3 Bd7 18. Nd2 b5 19. Bxg7 Kxg7 20. Qg3 h6 21. h4 Nd8 22.
hxg5 hxg5 23. Kf2 Rh8 24. axb5 Bxb5 25. Rh1 Nf7 26. b3 Rxh1 27. Rxh1 Rh8 28.
Rh3 Qd8 29. Bh5 Nd6 30. Nf3 Be8 31. Bxe8 Nxe8 32. Rxh8 Kxh8 33. Qh2+ Kg8 34.
Qh5 Qe7 35. Nh2 1/2-1/2

[Event "BPB Limburg open"]
[Site "Maastricht"]
[Date "2015.05.25"]
[Round "6"]
[White "Huesmann, Thomas"]
[Black "Vrolijk, Liam"]
[Result "1/2-1/2"]
[WhiteElo "2224"]
[BlackElo "2045"]
[PlyCount "129"]
[EventDate "2015.05.22"]
[EventType "swiss"]
[EventRounds "7"]
[EventCountry "NED"]
[Source "P.Boonen"]
[SourceDate "2015.10.01"]

1. e4 e6 2. d4 d5 3. e5 c5 4. c3 Nc6 5. Nf3 Qb6 6. a3 c4 7. Nbd2 Na5 8. Rb1 Bd7
9. Be2 h6 10. O-O O-O-O 11. Re1 g5 12. Nf1 Be7 13. Ne3 Bxa3 14. b4 Bxc1 15.
Qxc1 Nc6 16. Bxc4 dxc4 17. Nxc4 Qc7 18. Nd6+ Kb8 19. Nxf7 Nge7 20. Nxh8 Rxh8
21. Nd2 Nf5 22. Ne4 Nce7 23. b5 b6 24. Qa3 Nc8 25. Qb3 Qb7 26. g3 Nce7 27. Nf6
Bc8 28. Ra1 h5 29. Qd1 g4 30. Qe2 Nd5 31. Ne4 Nxc3 32. Nxc3 Nxd4 33. Qe3 Nf3+
34. Kf1 Nxe1 35. Rxe1 Qh1+ 36. Ke2 Qxh2 37. Ne4 Qg2 38. Nd6 Bb7 39. Nxb7 Qxb7
40. Rc1 Qd5 41. Qc3 Qxb5+ 42. Ke1 Qd7 43. Rd1 Qc7 44. Qe3 Rd8 45. Rxd8+ Qxd8
46. Qh6 Qe8 47. Qh7 a5 48. Kd2 b5 49. Qd3 Kb7 50. Ke3 Qc6 51. Qh7+ Kb6 52. Qxh5
Qf3+ 53. Kd2 Qxf2+ 54. Kc1 Qxg3 55. Qh8 Qc3+ 56. Kb1 Qb3+ 57. Ka1 Qd5 58. Qg7
Kc5 59. Qa7+ Kb4 60. Qe3 Qc4 61. Kb2 Qc6 62. Qd4+ Qc4 63. Qd2+ Ka4 64. Qd1+ Kb4
65. Qd2+ 1/2-1/2

[Event "BPB Limburg open"]
[Site "Maastricht"]
[Date "2015.05.25"]
[Round "6"]
[White "Jans, Michael"]
[Black "Heemskerk, Wim"]
[Result "1-0"]
[WhiteElo "2085"]
[BlackElo "2199"]
[PlyCount "89"]
[EventDate "2015.05.22"]
[EventType "swiss"]
[EventRounds "7"]
[EventCountry "NED"]
[Source "P.Boonen"]
[SourceDate "2015.10.01"]

1. e4 e6 2. d3 d5 3. Nd2 c5 4. Ngf3 Nc6 5. g3 Bd6 6. Bg2 Nge7 7. O-O Qc7 8. b3
O-O 9. Bb2 Bd7 10. d4 cxd4 11. Nxd4 Nxd4 12. Bxd4 e5 13. Bb2 d4 14. c3 dxc3 15.
Rc1 Bb5 16. Rxc3 Nc6 17. Nc4 Bb4 18. Rc1 Rfd8 19. Qg4 Qe7 20. Rfd1 Bxc4 21.
Rxc4 Rxd1+ 22. Qxd1 Rd8 23. Qc1 Bd2 24. Qa1 Qd6 25. Bf1 b5 26. Ba3 Qf6 27. Rc5
Nd4 28. Bxb5 Nxb5 29. Rxb5 Qa6 30. Be7 Rc8 31. Qxe5 Bc3 32. Qd5 Qxa2 33. Bc5
Re8 34. Rb7 Rc8 35. Rxa7 Qb1+ 36. Kg2 h6 37. Qxf7+ Kh8 38. Qf5 Re8 39. Rf7 Qxb3
40. Rf8+ Rxf8 41. Qxf8+ Kh7 42. Qf5+ Kh8 43. Bd6 Qb2 44. e5 Qb6 45. Qc8+ 1-0

[Event "BPB Limburg open"]
[Site "Maastricht"]
[Date "2015.05.25"]
[Round "6"]
[White "Janssen, Ruud"]
[Black "Socko, Bartosz"]
[Result "0-1"]
[WhiteElo "2464"]
[BlackElo "2613"]
[PlyCount "92"]
[EventDate "2015.05.22"]
[EventType "swiss"]
[EventRounds "7"]
[EventCountry "NED"]
[Source "P.Boonen"]
[SourceDate "2015.10.01"]

1. c4 Nf6 2. Nc3 e6 3. e4 d5 4. e5 d4 5. exf6 dxc3 6. bxc3 Qxf6 7. d4 e5 8. Nf3
Nc6 9. Be2 exd4 10. cxd4 Bb4+ 11. Bd2 Bxd2+ 12. Qxd2 O-O 13. O-O Bg4 14. h3
Bxf3 15. Bxf3 Rad8 16. d5 Ne5 17. Be4 Rfe8 18. Rae1 g6 19. Qc3 Nd7 20. Qxf6
Nxf6 21. Bc2 Rxe1 22. Rxe1 Nd7 23. f4 Kf8 24. Kf2 Nc5 25. Ke3 Re8+ 26. Kd2 Rxe1
27. Kxe1 Ke7 28. Kd2 h5 29. g3 Kd6 30. Kc3 a5 31. Kd4 c6 32. dxc6 bxc6 33. f5
g5 34. h4 g4 35. Bd1 Nd7 36. Be2 f6 37. Bd1 c5+ 38. Ke4 Nb6 39. Be2 Na4 40. Kd3
Ke5 41. Bf1 Nb6 42. Bg2 Nc8 43. Kc3 Nd6 44. Kb3 Nxf5 45. Ka4 Nxg3 46. Kxa5 f5
0-1

[Event "BPB Limburg open"]
[Site "Maastricht"]
[Date "2015.05.25"]
[Round "6"]
[White "Lanchava, Tea"]
[Black "Jacobs, Florian"]
[Result "1/2-1/2"]
[WhiteElo "2250"]
[BlackElo "2177"]
[PlyCount "150"]
[EventDate "2015.05.22"]
[EventType "swiss"]
[EventRounds "7"]
[EventCountry "NED"]
[Source "P.Boonen"]
[SourceDate "2015.10.01"]

1. Nf3 Nf6 2. d4 g6 3. b3 Bg7 4. Bb2 O-O 5. e3 c5 6. Bd3 cxd4 7. exd4 Nc6 8.
O-O d5 9. c3 Bg4 10. h3 Bxf3 11. Qxf3 e5 12. dxe5 Nxe5 13. Qd1 Nxd3 14. Qxd3
Ne4 15. Na3 Qa5 16. b4 Qb6 17. Rab1 Rfe8 18. c4 Bxb2 19. Rxb2 dxc4 20. Nxc4 Qb5
21. Qb3 Rac8 22. Ne3 h5 23. Nd5 Qxf1+ 24. Kxf1 Rc1+ 25. Ke2 Nc5+ 26. Qe3 Rxe3+
27. Nxe3 Ne6 28. Kf3 f5 29. Rd2 Ra1 30. g3 Kf7 31. Rd7+ Kf6 32. Nd5+ Ke5 33.
Ke3 Re1+ 34. Kd2 Ra1 35. Nc3 f4 36. Rxb7 fxg3 37. fxg3 a6 38. Rb6 Rg1 39. Rxa6
Rg2+ 40. Kc1 Nd4 41. Ra5+ Ke6 42. Rc5 Rxg3 43. b5 Nxb5 44. Nxb5 Rxh3 45. a4
Rh1+ 46. Kc2 h4 47. a5 h3 48. a6 h2 49. a7 Rb1 50. Kxb1 h1=Q+ 51. Kb2 Qb7 52.
Kc3 Kf6 53. Kb4 g5 54. Ka5 g4 55. Rc7 Qa8 56. Kb6 g3 57. Rc1 g2 58. Nc7 Qe4 59.
a8=Q Qe3+ 60. Rc5 Qxc5+ 61. Kxc5 g1=Q+ 62. Kd6 Qg3+ 63. Kd7 Qg4+ 64. Kc6 Qc4+
65. Kb6 Qd4+ 66. Kc6 Qc4+ 67. Kd7 Qg4+ 68. Kd8 Qd4+ 69. Kc8 Qg4+ 70. Kd8 Qd4+
71. Ke8 Qe5+ 72. Kd7 Qd4+ 73. Nd5+ Ke5 74. Qh8+ Kxd5 75. Qxd4+ Kxd4 1/2-1/2

[Event "BPB Limburg open"]
[Site "Maastricht"]
[Date "2015.05.25"]
[Round "6"]
[White "Leenhouts, Koen"]
[Black "Perrenet, Jacob"]
[Result "1-0"]
[WhiteElo "2401"]
[BlackElo "2078"]
[PlyCount "47"]
[EventDate "2015.05.22"]
[EventType "swiss"]
[EventRounds "7"]
[EventCountry "NED"]
[Source "P.Boonen"]
[SourceDate "2015.10.01"]

1. e4 Nc6 2. Nf3 f5 3. exf5 d5 4. Nh4 e5 5. Qh5+ g6 6. Nxg6 Nf6 7. Qh3 Nd4 8.
Bd3 hxg6 9. Qxh8 e4 10. O-O Bxf5 11. b3 exd3 12. Bb2 Ne2+ 13. Kh1 Kf7 14. cxd3
d4 15. Na3 Qd5 16. Nc4 Bg7 17. Qxa8 Ng4 18. Rae1 Bxd3 19. Qc8 Qh5 20. h3 Nh6
21. Ne3 Nf5 22. Qd7+ Kg8 23. Qe8+ Kh7 24. Nxf5 1-0

[Event "BPB Limburg open"]
[Site "Maastricht"]
[Date "2015.05.25"]
[Round "6"]
[White "Liedmann, Dennis"]
[Black "Vreugdenhil, Frans"]
[Result "0-1"]
[WhiteElo "2157"]
[BlackElo "2009"]
[PlyCount "82"]
[EventDate "2015.05.22"]
[EventType "swiss"]
[EventRounds "7"]
[EventCountry "NED"]
[Source "P.Boonen"]
[SourceDate "2015.10.01"]

1. d4 Nf6 2. Nf3 d5 3. e3 Bf5 4. c4 e6 5. Qb3 b6 6. Nc3 Be7 7. Ne5 O-O 8. Be2
c5 9. g4 Be4 10. Nxe4 dxe4 11. dxc5 Bxc5 12. Bd2 Bd6 13. Bc3 Qc7 14. f4 exf3
15. Bxf3 Bxe5 16. Bxa8 Nxg4 17. Ke2 Nd7 18. Bf3 Nxh2 19. Rad1 Nxf3 20. Kxf3
Bxc3 21. Qxc3 Ne5+ 22. Kf2 Ng4+ 23. Kg2 f5 24. Qd4 Qb7+ 25. Kg3 Qf7 26. b3 Nxe3
27. Rdg1 Ng4 28. Rh4 Qg6 29. Kh3 h5 30. Re1 Kh7 31. Qd6 Nf2+ 32. Kh2 Ng4+ 33.
Kg2 Rf6 34. Kf3 Qg5 35. Rh3 e5 36. Qd5 Qf4+ 37. Ke2 Kg6 38. Rf1 Qg5 39. Qd7 e4
40. Qe8+ Rf7 41. Rd1 Nf6 0-1

[Event "BPB Limburg open"]
[Site "Maastricht"]
[Date "2015.05.25"]
[Round "6"]
[White "Majhi, Ankit"]
[Black "L'Ami, Alina"]
[Result "1/2-1/2"]
[WhiteElo "2178"]
[BlackElo "2381"]
[PlyCount "59"]
[EventDate "2015.05.22"]
[EventType "swiss"]
[EventRounds "7"]
[EventCountry "NED"]
[Source "P.Boonen"]
[SourceDate "2015.10.01"]

1. e4 c5 2. Nf3 d6 3. d4 cxd4 4. Nxd4 Nf6 5. Nc3 a6 6. f3 e5 7. Nb3 Be6 8. Be3
Be7 9. Qd2 O-O 10. O-O-O a5 11. a4 Na6 12. g4 Nb4 13. Kb1 Qc8 14. Rg1 Kh8 15.
Bb5 d5 16. g5 Nh5 17. exd5 Bf5 18. Rc1 Qc7 19. Qf2 Rfc8 20. Rgd1 Nf4 21. h4 Qd6
22. Ne4 Qg6 23. Bxf4 exf4 24. Qd4 Rd8 25. h5 Qxh5 26. Qe5 Bxe4 27. Qxe4 Qxg5
28. Rh1 f5 29. Qe6 Qf6 30. Rxh7+ 1/2-1/2

[Event "BPB Limburg open"]
[Site "Maastricht"]
[Date "2015.05.25"]
[Round "6"]
[White "Martens, Martin"]
[Black "Burg, Brent"]
[Result "1-0"]
[WhiteElo "2417"]
[BlackElo "2214"]
[PlyCount "59"]
[EventDate "2015.05.22"]
[EventType "swiss"]
[EventRounds "7"]
[EventCountry "NED"]
[Source "P.Boonen"]
[SourceDate "2015.10.01"]

1. c4 e5 2. e3 Nf6 3. Nc3 d6 4. Nge2 g6 5. g3 Bg7 6. Bg2 O-O 7. O-O Nbd7 8. d4
Re8 9. b3 e4 10. Ba3 h5 11. Qc2 Qe7 12. Nb5 Nf8 13. d5 N8h7 14. c5 Qd7 15. Nbc3
dxc5 16. Nxe4 Nxe4 17. Bxe4 Rxe4 18. Qxe4 Ng5 19. Qg2 Qe7 20. h4 Bh3 21. Qh1
Bxa1 22. Rxa1 Qf6 23. Nd4 cxd4 24. hxg5 Qf5 25. e4 Qg4 26. Kh2 h4 27. Rg1 Kg7
28. Be7 hxg3+ 29. Rxg3 Qf4 30. Bf6+ 1-0

[Event "BPB Limburg open"]
[Site "Maastricht"]
[Date "2015.05.25"]
[Round "6"]
[White "Martinez Reyes, Pedro Ramon"]
[Black "Van der Valk, Niklas"]
[Result "1-0"]
[WhiteElo "2322"]
[BlackElo "2128"]
[PlyCount "87"]
[EventDate "2015.05.22"]
[EventType "swiss"]
[EventRounds "7"]
[EventCountry "NED"]
[Source "P.Boonen"]
[SourceDate "2015.10.01"]

1. e4 e5 2. Nf3 Nc6 3. Bb5 a6 4. Bxc6 dxc6 5. O-O f6 6. d4 Bg4 7. dxe5 Qxd1 8.
Rxd1 fxe5 9. Rd3 Bd6 10. Nbd2 Nf6 11. Nc4 Bxf3 12. Rxf3 O-O 13. Re3 Kf7 14. Re2
Ke6 15. Bg5 Ng8 16. Rd1 h6 17. Be3 Nf6 18. f3 c5 19. Red2 Be7 20. Bf2 b5 21.
Ne3 g6 22. Nd5 Nxd5 23. exd5+ Kf6 24. Re2 g5 25. Rde1 Bd6 26. Re4 Rfe8 27. c4
b4 28. h4 Re7 29. Kf1 a5 30. Ke2 a4 31. Rh1 Kg6 32. Be3 Rf7 33. Kd3 Raf8 34.
Rg4 Rf5 35. hxg5 hxg5 36. Ke4 Be7 37. Rg3 Rg8 38. Rgh3 Bf8 39. Rh8 Rxh8 40.
Rxh8 Rf7 41. Rg8+ Kh7 42. Rxg5 Bd6 43. Rf5 Rg7 44. Rh5+ 1-0

[Event "BPB Limburg open"]
[Site "Maastricht"]
[Date "2015.05.25"]
[Round "6"]
[White "Mengerink, Ynze"]
[Black "Van den Hatert, Roy"]
[Result "1/2-1/2"]
[WhiteElo "2146"]
[BlackElo "2118"]
[PlyCount "33"]
[EventDate "2015.05.22"]
[EventType "swiss"]
[EventRounds "7"]
[EventCountry "NED"]
[Source "P.Boonen"]
[SourceDate "2015.10.01"]

1. e4 c5 2. Nf3 g6 3. Bc4 Bg7 4. c3 e6 5. d4 cxd4 6. Nxd4 a6 7. Be3 Ne7 8. Nb3
d5 9. exd5 b5 10. Be2 Nxd5 11. Bd4 O-O 12. Bxg7 Kxg7 13. Bf3 Bb7 14. Nc5 Bc6
15. O-O Nd7 16. Nxd7 Qxd7 17. Qd4+ 1/2-1/2

[Event "BPB Limburg open"]
[Site "Maastricht"]
[Date "2015.05.25"]
[Round "6"]
[White "Merx, Bob"]
[Black "Schoorl, Rob"]
[Result "0-1"]
[WhiteElo "2099"]
[BlackElo "2334"]
[PlyCount "46"]
[EventDate "2015.05.22"]
[EventType "swiss"]
[EventRounds "7"]
[EventCountry "NED"]
[Source "P.Boonen"]
[SourceDate "2015.10.01"]

1. e4 e5 2. f4 exf4 3. Nf3 h6 4. d4 g5 5. g3 fxg3 6. hxg3 Bg7 7. Nc3 d6 8. Be3
Bg4 9. Bg2 Nc6 10. Qd2 Nge7 11. O-O-O Qd7 12. Rde1 O-O-O 13. Nh2 Bh5 14. d5 Ne5
15. Qd4 c5 16. dxc6 N7xc6 17. Qa4 Kb8 18. Nb5 a6 19. Nd4 Nd3+ 20. cxd3 Nxd4 21.
Qxd7 Rxd7 22. Bxd4 Bxd4 23. Nf1 Bf2 0-1

[Event "BPB Limburg open"]
[Site "Maastricht"]
[Date "2015.05.25"]
[Round "6"]
[White "Miedema, David"]
[Black "Kokje, Joris"]
[Result "1-0"]
[WhiteElo "2348"]
[BlackElo "1960"]
[PlyCount "113"]
[EventDate "2015.05.22"]
[EventType "swiss"]
[EventRounds "7"]
[EventCountry "NED"]
[Source "P.Boonen"]
[SourceDate "2015.10.01"]

1. d4 f5 2. g3 e6 3. Bg2 Nf6 4. c4 Bb4+ 5. Bd2 Qe7 6. Nf3 O-O 7. O-O Bxd2 8.
Qxd2 d6 9. Nc3 Ne4 10. Qe3 Nxc3 11. Qxc3 Nd7 12. e4 fxe4 13. Nd2 Nf6 14. Nxe4
Nxe4 15. Bxe4 c6 16. Rae1 Rf6 17. f4 Qc7 18. Rf2 Bd7 19. Qc2 g6 20. Rfe2 Raf8
21. Bg2 Qb6 22. c5 Qb4 23. Qd2 dxc5 24. dxc5 Qxc5+ 25. Kh1 Qe7 26. Qa5 Bc8 27.
Qxa7 Qb4 28. a3 Qc4 29. Qe3 Rd8 30. Rd2 Rff8 31. h4 Rxd2 32. Qxd2 Qb3 33. Re3
Qb6 34. b4 Rd8 35. Rd3 Rxd3 36. Qxd3 Qc7 37. Qc4 Qd7 38. Kh2 Kf7 39. a4 Qd8 40.
a5 Qd7 41. Qc3 Qd8 42. Qe5 Bd7 43. h5 Bc8 44. h6 Qf8 45. Qc7+ Kg8 46. Bh3 Kh8
47. Kg2 Kg8 48. Bg4 Kh8 49. Bf3 Kg8 50. Kf2 Kh8 51. Ke3 Kg8 52. Be2 Kh8 53. Bc4
Kg8 54. Kd4 Kh8 55. g4 Qf6+ 56. Qe5 Qxe5+ 57. Kxe5 1-0

[Event "BPB Limburg open"]
[Site "Maastricht"]
[Date "2015.05.25"]
[Round "6"]
[White "Mollema, Thomas"]
[Black "Verhoef, Pieter"]
[Result "1/2-1/2"]
[WhiteElo "2262"]
[BlackElo "2027"]
[PlyCount "66"]
[EventDate "2015.05.22"]
[EventType "swiss"]
[EventRounds "7"]
[EventCountry "NED"]
[Source "P.Boonen"]
[SourceDate "2015.10.01"]

1. f4 d5 2. Nf3 Nf6 3. g3 e6 4. Bg2 Bd6 5. O-O O-O 6. d3 b6 7. Nc3 Bb7 8. e4
dxe4 9. Ng5 Qc8 10. Ngxe4 Nxe4 11. Nxe4 Nd7 12. f5 Nc5 13. Nxd6 cxd6 14. Bxb7
Qxb7 15. f6 g6 16. Bh6 Rfe8 17. Rf4 e5 18. Rh4 e4 19. d4 Nd7 20. Bg7 Qd5 21. c3
Qe6 22. Qf1 e3 23. Qf4 e2 24. Re1 Qe3+ 25. Qxe3 Rxe3 26. Kf2 Rae8 27. Rf4 b5
28. Rf3 R3e6 29. h4 h5 30. Kg2 d5 31. Rf2 Kh7 32. Kf3 Re3+ 33. Kg2 R3e6 1/2-1/2

[Event "BPB Limburg open"]
[Site "Maastricht"]
[Date "2015.05.25"]
[Round "6"]
[White "Offringa, Joost"]
[Black "Lenaerts, Lennert"]
[Result "1-0"]
[WhiteElo "2202"]
[BlackElo "2203"]
[PlyCount "79"]
[EventDate "2015.05.22"]
[EventType "swiss"]
[EventRounds "7"]
[EventCountry "NED"]
[Source "P.Boonen"]
[SourceDate "2015.10.01"]

1. c4 e5 2. g3 Nf6 3. Bg2 Bc5 4. Nc3 c6 5. Nf3 e4 6. Ng5 d5 7. cxd5 cxd5 8. d4
Bb6 9. f3 h6 10. Nh3 exf3 11. exf3 Qe7+ 12. Kf2 O-O 13. Na4 Bc7 14. Re1 Qb4 15.
a3 Qb5 16. Bf1 Qc6 17. Be3 Bf5 18. Rc1 Qd7 19. Nc5 Qc8 20. Nf4 b6 21. Ncd3 Qb7
22. g4 Be6 23. h4 Nbd7 24. Nb4 a5 25. Na2 Ne8 26. Bd3 Nd6 27. Bb1 Rfe8 28. Qc2
Nc4 29. Qh7+ Kf8 30. Nh5 Ke7 31. Nxg7 Nf6 32. Nf5+ Kd7 33. Qxh6 Ng8 34. Qg7 Bd8
35. Bg5 Qb8 36. Kg2 Ne7 37. Nh6 Ra7 38. Nxf7 Bxf7 39. Qxf7 Nd6 40. Qe6# 1-0

[Event "BPB Limburg open"]
[Site "Maastricht"]
[Date "2015.05.25"]
[Round "6"]
[White "Overeem, Marc"]
[Black "Henrichs, Thomas"]
[Result "0-1"]
[WhiteElo "2194"]
[BlackElo "2471"]
[PlyCount "50"]
[EventDate "2015.05.22"]
[EventType "swiss"]
[EventRounds "7"]
[EventCountry "NED"]
[Source "P.Boonen"]
[SourceDate "2015.10.01"]

1. c4 g6 2. e4 Bg7 3. d4 d6 4. Nc3 Nf6 5. Nf3 O-O 6. h3 Na6 7. Bg5 Qe8 8. Be2
e5 9. d5 Nh5 10. g3 f5 11. exf5 gxf5 12. Nh4 Nf6 13. Qc2 Nc5 14. Bxf6 Rxf6 15.
O-O-O a5 16. g4 fxg4 17. Bxg4 e4 18. Rhe1 Qf8 19. Nxe4 Nxe4 20. Rxe4 Bxg4 21.
Rxg4 Rxf2 22. Rd2 Rf1+ 23. Rd1 Kh8 24. Qd3 Rf2 25. Rdg1 Qf6 0-1

[Event "BPB Limburg open"]
[Site "Maastricht"]
[Date "2015.05.25"]
[Round "6"]
[White "Ratsma, Midas"]
[Black "Van Meegen, Ruud"]
[Result "1/2-1/2"]
[WhiteElo "2182"]
[BlackElo "2151"]
[PlyCount "75"]
[EventDate "2015.05.22"]
[EventType "swiss"]
[EventRounds "7"]
[EventCountry "NED"]
[Source "P.Boonen"]
[SourceDate "2015.10.01"]

1. d4 c5 2. d5 g6 3. e4 Bg7 4. c4 d6 5. Bd3 e6 6. dxe6 fxe6 7. Nf3 Nc6 8. Nc3
Nge7 9. Bg5 h6 10. Bd2 Nd4 11. Nxd4 cxd4 12. Ne2 e5 13. Qa4+ Bd7 14. Qb3 Qc7
15. Bb4 Nc6 16. O-O Nxb4 17. Qxb4 O-O 18. Rac1 Qc5 19. Qxb7 Bc6 20. Qe7 Rae8
21. Qh4 Qa5 22. Qg3 Kh7 23. a3 Qb6 24. b4 Qb7 25. f3 Rc8 26. Rc2 Rc7 27. Rfc1
Rfc8 28. b5 Be8 29. a4 Bf6 30. a5 Rc5 31. Qe1 Qc7 32. Qb4 Bd8 33. a6 Bf7 34. g3
Qd7 35. Rf1 Qc7 36. Rfc1 Be6 37. Kg2 Qd7 38. Kg1 1/2-1/2

[Event "BPB Limburg open"]
[Site "Maastricht"]
[Date "2015.05.25"]
[Round "6"]
[White "Ritsema, Ronald"]
[Black "Van Foreest, Lucas"]
[Result "0-1"]
[WhiteElo "2012"]
[BlackElo "2312"]
[PlyCount "72"]
[EventDate "2015.05.22"]
[EventType "swiss"]
[EventRounds "7"]
[EventCountry "NED"]
[Source "P.Boonen"]
[SourceDate "2015.10.01"]

1. d4 Nf6 2. c4 e6 3. g3 d5 4. Nf3 b6 5. cxd5 exd5 6. Bg2 Bd6 7. O-O O-O 8. Nc3
Bb7 9. Qc2 Na6 10. Ne5 Re8 11. f4 c5 12. e3 Nc7 13. Kh1 Rc8 14. Qf2 b5 15. a3
a5 16. Bh3 Ra8 17. g4 cxd4 18. exd4 Ne4 19. Qf3 b4 20. Ne2 Ba6 21. g5 Ne6 22.
Be3 bxa3 23. bxa3 Rc8 24. Rg1 Rc2 25. Rg2 Qc7 26. Rag1 Nf8 27. Ng3 Nxg3+ 28.
Qxg3 Bxe5 29. Rxc2 Qxc2 30. fxe5 Bd3 31. Bg2 Be4 32. h4 Rc8 33. a4 Rc3 34. Kh2
Qb3 35. Re1 Bxg2 36. Kxg2 Qxa4 0-1

[Event "BPB Limburg open"]
[Site "Maastricht"]
[Date "2015.05.25"]
[Round "6"]
[White "Schiffers, Sascha"]
[Black "Balje, Jan"]
[Result "1-0"]
[WhiteElo "2103"]
[BlackElo "2203"]
[PlyCount "71"]
[EventDate "2015.05.22"]
[EventType "swiss"]
[EventRounds "7"]
[EventCountry "NED"]
[Source "P.Boonen"]
[SourceDate "2015.10.01"]

1. e4 c6 2. d4 d5 3. Nd2 dxe4 4. Nxe4 Nd7 5. Ng5 Ngf6 6. Bd3 e6 7. N1f3 Bd6 8.
Qe2 h6 9. Ne4 Nxe4 10. Qxe4 Qc7 11. Qg4 Kf8 12. O-O b6 13. b3 Bb7 14. Bb2 Nf6
15. Qh4 Nd5 16. Ne5 g5 17. Qg4 Nf4 18. g3 h5 19. Qd1 Nh3+ 20. Kg2 c5+ 21. f3
Bxe5 22. dxe5 g4 23. Be4 Rd8 24. Qc1 h4 25. Qe3 hxg3 26. hxg3 Rg8 27. Rad1
gxf3+ 28. Kxh3 Rh8+ 29. Kg4 f5+ 30. exf6 Rg8+ 31. Kh5 Kf7 32. Rxd8 Qxd8 33. Be5
Qa8 34. Bh7 Rh8 35. Qh6 Qf8 36. Qg6# 1-0